Organizácia riadenia nástrojárskeho hospodárstva v podniku záverečná práca postgraduálneho štúdia

Gespeichert in:
Bibliographische Detailangaben
1. Verfasser: Dutko, Ján
Körperschaft: Vysoká škola ekonomická v Bratislave
Weitere Verfasser: Dupaľ, Andrej
Format: Buch
Sprache:Slowakisch
Veröffentlicht: Bratislava 1990
Tags: Tag hinzufügen
Keine Tags, Fügen Sie das erste Tag hinzu!

MARC

LEADER 00000nam a2200000 4500
001 c028739
005 20230116121545.5
041 0 |a slo 
044 |a SK 
245 1 0 |a Organizácia riadenia nástrojárskeho hospodárstva v podniku  |b záverečná práca postgraduálneho štúdia  |c Ján Dutko ; ved. práce Andrej Dupaľ 
264 1 |a Bratislava  |c 1990 
300 |a 42 s. 
100 1 |a Dutko, Ján 
700 1 |a Dupaľ, Andrej 
710 2 |a Vysoká škola ekonomická v Bratislave